Public economics /
Saved in:
| Main Author: | |
|---|---|
| Format: | Book |
| Language: | English |
| Published: |
Cambridge ; New York :
Cambridge University Press,
1995.
|
| Subjects: | |
| Online Access: | Publisher description Table of contents |
| Tags: |
Add Tag
No Tags, Be the first to tag this record!
|
MARC
| LEADER | 00000cam a2200000 a 4500 | ||
|---|---|---|---|
| 001 | 1599136 | ||
| 003 | MU | ||
| 005 | 20220913050353.0 | ||
| 008 | 941213s1995 enka b 001 0 eng | ||
| 010 | |a 94044774 | ||
| 020 | |a 0521497213 (hbk.) | ||
| 020 | |a 0521497698 (pbk.) |c Tzs 75,038.63/= | ||
| 022 | |2 9780521497213, 9780521497695, | ||
| 040 | |a MUL |c MUL |d MUL |b eng. |e AACR | ||
| 050 | 0 | 0 | |a HB846 |b .M95 1995 |
| 082 | 0 | 0 | |a 336 MYL |2 22 |b 1 |
| 100 | 1 | |a Myles, Gareth D. | |
| 245 | 1 | 0 | |a Public economics / |c Gareth D. Myles. |
| 260 | |a Cambridge ; |a New York : |b Cambridge University Press, |c 1995. | ||
| 300 | |a xvi, 546 p. : |b ill. ; |c 25 cm. | ||
| 504 | |a Includes bibliographical references (p. 516-535) and indexes. | ||
| 505 | |a Preface Part I. Foundations: 1. Introduction 2. General equilibrium and welfare economics 3. Topics in measurement Part II. Analysis in the Competitive Economy: 4. Commodity taxation 5. Income taxation 6. Policy reform 7. Risk 8. Corporate taxation Part III. Relaxing the Assumptions: 9. Public goods 10. Externalities 11. Imperfect competition 12. Tax evasion Part IV. Introducing Real Time: 13. Overlapping generations economies 14. Social security 15. Debt and taxation References Index. | ||
| 650 | 0 | |a Welfare economics. | |
| 650 | 0 | |a Economic policy. | |
| 650 | 0 | |a Taxation. | |
| 650 | 0 | |a Public welfare. | |
| 650 | 0 | |a Social choice. | |
| 650 | 0 | |a Equilibrium (Economics) | |
| 856 | 4 | 2 | |3 Publisher description |u http://www.loc.gov/catdir/description/cam026/94044774.html |
| 856 | 4 | 1 | |3 Table of contents |u http://www.loc.gov/catdir/toc/cam021/94044774.html |
| 906 | |a 7 |b cbc |c orignew |d 1 |e ocip |f 19 |g y-gencatlg | ||
| 942 | |2 ddc |c BK |n 0 | ||
| 999 | |c 422 |d 422 | ||